Statistics for March Madness First Round Upsets

Click here to take the quiz!

General Stats

  • This quiz has been taken 90 times
  • The average score is 23 of 54

Answer Stats

YearSeedWinnerSeedLoser% Correct
20231Purdue
96%
20214Purdue
96%
20222Kentucky
84%
202215Saint Peter's2Kentucky
84%
20181Virginia
81%
20234Virginia
81%
20214Virginia
81%
201816UMBC1Virginia
74%
20232Arizona
72%
20184Arizona
72%
20122Duke
72%
20143Duke
72%
202315Princeton2Arizona
67%
202313Furman4Virginia
65%
202316Fairleigh Dickinson1Purdue
64%
201213Ohio4Michigan
63%
201014Ohio3Georgetown
63%
202113Ohio4Virginia
63%
20212Ohio State
60%
202115Oral Roberts2Ohio State
56%
20124Michigan
49%
20213Texas
48%
201315Florida Gulf Coast2Georgetown
47%
20162Michigan State
46%
201215Lehigh2Duke
37%
202113North Texas4Purdue
36%
20153Baylor
35%
20103Georgetown
35%
20132Georgetown
35%
201615Middle Tennessee2Michigan State
33%
202114Abilene Christian3Texas
28%
201414Mercer3Duke
23%
201813Buffalo4Arizona
22%
201314Harvard3New Mexico
22%
20134Kansas State
22%
20194Kansas State
22%
201514Georgia State3Baylor
21%
20153Iowa State
21%
20122Missouri
21%
201215Norfolk State2Missouri
20%
20164California
17%
201514UAB3Iowa State
17%
20184Wichita State
17%
20133New Mexico
16%
20163West Virginia
16%
20114Louisville
15%
201614Stephen F. Austin3West Virginia
14%
201913UC Irvine4Kansas State
14%
201813Marshall4Wichita State
11%
201013Murray State4Vanderbilt
11%
201313La Salle4Kansas State
10%
201613Hawaii4California
9%
201113Morehead State4Louisville
9%
20104Vanderbilt
9%

Score Distribution

Percentile by Number Answered

Percent of People with Each Score

Your Score History

You have not taken this quiz